| 000 | 005300000a22001810004500 | ||
|---|---|---|---|
| 003 | MACL | ||
| 005 | 20151219122540.0 | ||
| 008 | 151219b xxu||||| |||| 00| 0 eng d | ||
| 040 |
_aMACL _cMACL |
||
| 041 | _aEnglish | ||
| 082 | _a306.0854/TEW | ||
| 100 |
_aTewari, Udai Narain _9559 |
||
| 245 |
_aIndia A Cultural Voyage _bA Critical study of the Land of Eternal Resurgence |
||
| 260 |
_bSelectbook Service Syndicate _c1983 _aNew Delhi |
||
| 350 | _a125 | ||
| 650 |
_aCulture & Institutions _9773 |
||
| 942 |
_cBK _k306.085/TEW _2ddc |
||
| 999 |
_c40796 _d40796 |
||